00616nam a2200181 i 450000100060000000300090000600500170001500700030003200800410003510000240007624501760010025000160027626000420029230000220033460000200035674000370037685200210041387952ES-MaACL20230906175755.0t|041229s1907 fr ||||1| fre d1 aRavaisson, Félix.13aLa philosophie en France au XIX siècle b: 1867 : suivie du rapport aur le Prix Victor Cousin : (le scepticisme dans l'Antiquite) : 1884 / cpar Felix Ravaisson [seud.]. a5ème. ed. aParis : bHachette, c1904 (fLahure) a330 p. ; c25 cm.04aCousin, Victor.3 aLe scepticisme dans l'Antiquite. aES-MaACLjF-9911